01012nam a22002654c 4500003000900000008004100009020001800050040002500068041001800093080001100111100001700122245002400139264003100163300004100194336002700235337003300262338002800295490004200323500003500365520025400400521001300654650003400667650001100701700003400712AR-BaSMT240627t2022 enka|||ar|||| 000 1 ing d a9781474964456 aBSGBbespañolerda0 ainghInglés a82-34 1 aCowan, Laura10aSpider's Tug of War aLondres : bUsborne,c2022 a24 páginas ; bilustraciones color 2rdacontentatextobtxt 2rdamediaasin mediaciónbn 2rdacarrieravolumenbnc aUsborne English Readers Starter Level aWith activities and free audio aAnansi is king of the spiders: he may be small, but he's very clever. One day, offended that Elephant hardly even notices him, he challenges her to a tug of war. How can a tiny spider win against the mighty Elephant, or against the determined Rhino? aPrimaria 7aLITERATURA INFANTILvInglés 7aCUENTO1 aFumagalli, SimoneeIlustrador